01267 2200301 4500001002100000005001500021035002000036007000300056008004100059020002200100082000800122084001700130100002000147245010900167300003800276650002100314700002900335700003300364520037600397264005400773336002100827337003000848338002300878990001600901990001600917990001600933990001600949INLIS00000000004379520211202032545 a0010-1221000015ta211202 g 0 ind  a978-602-50302-9-1 a927 aSR 927 IND p0 aIndra Tranggono1 aProfil seniman & budayawan Yogyakarta #18 /cIndra Tranggono; penyunting, Rini Jayanti, Gabriel Yulianto a208 halaman :bilustrasi ;c23 cm 4aBiografi seniman0 aRini Jayantiepenyunting0 aGabriel Yuliantoepenyunting amelalui penerbitan buku ini, Taman Budaya Yogyakarta melakukan pendokumentasian atas kiprah dan jejak budaya para seniman dan budayawan DIY yang sangat penting untuk diserap sebagai sumber ilmu dan pengetahuan. karena adanya keterbatasan, dalam buku ini baru bisa memuat 20 profil tokoh seniman, dalam kesempatan mendatang akan berusaha menampilkan tokoh-tokoh yang lain. aYogyakarta :bUPTD taman budaya Yogyakarta,c2021 2rdacontentaTeks 2rdamediaatanpa perantara 2rdacarrieravolume a48941.61761 a48942.61762 a48942.61762 a48941.61761